| 000 | 00385pab a2200157 454500 | ||
|---|---|---|---|
| 008 | 180718b1983 xxu||||| |||| 00| 0 eng d | ||
| 100 | _aBrueckner, Jan K | ||
| 245 |
_aA spatial model of housing attributes _bTheory and evidence |
||
| 260 | _c1983 | ||
| 300 | _a58-69 | ||
| 362 | _aFeb. | ||
| 650 | _aHosing | ||
| 700 | _aPeter F. Colwell | ||
| 773 | _aLand Economics | ||
| 909 | _a9786 | ||
| 999 |
_c9786 _d9786 |
||